000 00302 a2200109 4500
001 ART_18251
005 20260410161659.0
008 260409a
245 1 0 _aLa vista previa impositiva
100 1 _aBaldo, Alberto
773 0 _tPráctica profesional
_g- Nº 156 (dic. 2011)
_wREV542
999 _c14953
_d14953